000 01059nam a2200373 4500
001 0265875
003 DO-SdBNP
005 20180221101541.0
007 0265875
008 920922s1992 sp a |||| ||spa
016 7 _a
_2BPMSU
017 _a
_b
020 _a8434833972
035 _a
040 _aBPMSU
_bspa
_cBPMSU
_e
041 1 _aspa
_h
080 0 _a
100 1 _aKorschunow, Irina
240 1 4 _aDie Wawuschels mit den grünen Haaren /
_lale.
245 1 4 _aLos babuchos de pelo verde /
_cIrina Korschunow ; ilustraciones, Asun Balzola ; traducción Asun Balzola]
_h
250 _a2ª ed.
260 _aMadrid :
_bSM,
_c1992.
300 _a105 p. :
_bil.
_c19 cm
490 0 _aEl barco de vapor
_aSerie azul
_v38
500 _a
521 _aA partir de 7 años.
700 1 _aBalzola, Asun
_d1942-2006
_eil.
700 1 _aBalzola, Asun
_etr.
830 0 _aEl barco de vapor
_pSerie azul
_v 38
830 3 _a
942 _2ddc
_cBK
945 _aInventariado, 2018/ YL
956 _a VMATEO
_210
_320160404
_6BPMSU
_80069
999 _c9534
_d9534